Discursos leídos ante la Real Academia Española en la recepción pública del R. P. Miguel Mir el día 9 de mayo de 1886
Gardado en:
| Autor Principal: | |
|---|---|
| Formato: | Libro |
| Idioma: | Lingua castelá |
| Publicado: |
Madrid
Tipografía de los Huérfanos, calle de Juan Bravo, núm. 5
1886
|
| Edición: | 1a. ed |
| Subjects: | |
| Tags: |
Engadir etiqueta
Sen Etiquetas, Sexa o primeiro en etiquetar este rexistro!
|
MARC
| LEADER | 00000nam a2200000 a 4500 | ||
|---|---|---|---|
| 001 | UCJ6135 | ||
| 003 | CL-VaPUC | ||
| 005 | 20220118174834.0 | ||
| 008 | 070124e18860000SP |||||||||||||||||spa|d | ||
| 999 | |c 322243 |d 322241 | ||
| 040 | |c Pontificia Universidad Católica de Valparaíso | ||
| 082 | 0 | 4 | |a 946 |b MIR |2 21 |
| 100 | |a Mir, Miguel |e autor |9 515203 | ||
| 245 | 1 | 0 | |a Discursos leídos ante la Real Academia Española en la recepción pública del R. P. Miguel Mir el día 9 de mayo de 1886 |
| 250 | |a 1a. ed | ||
| 260 | |a Madrid |b Tipografía de los Huérfanos, calle de Juan Bravo, núm. 5 |c 1886 | ||
| 300 | |a 65 p | ||
| 500 | |a Empastado junto a otros en un volumen rotulado Centenario, ubicado en 282 SEM | ||
| 583 | |a last modification |c 20070124 00:00:00 |k Rodrigo Vera | ||
| 600 | 0 | |a Menéndez y Pelayo, Marcelino, |d 1856-1912 |9 864861 | |
| 650 | 0 | |a Discursos |9 265028 | |
| 942 | |c BK |2 ddc | ||
| 945 | |d 20070124 00:00:00 |a rinostro | ||
| 952 | |0 0 |1 0 |4 0 |6 946_000000000000000_MIR_1886 |7 0 |8 X |9 401189 |a FDOBUD |b FDOBUD |d 2019-11-22 |i 1044184 |o 946 MIR 1886 |p 1044184 |r 2019-11-22 |w 2019-11-22 |y BK_X |k BUD | ||